00632cam a2200205 4500001001300000003000400013005001700017008004100034010002200075025002000097043001200117050001900129082002000148110003900168245005600207260006900263300002600332500002900358600003900387sa 68020288 DLC20260227112723.0731120s1967 io a 00000beng  asa 68020288 //r88 aPL480:Indo-8125 aa-io---0 aHQ1752.S37bI5 a372.1/1/0924aB10aIndonesia.bDepartemen Penerangan.10aIbu Dewi Sartika, champion of women's emancipation.0 a[Djakarta]bDept. of Information, Republic of Indonesiac[1967?] a12 p.billus.c18 cm. a"Special issue, 030/67."10aSartika, Dewi,cRaden,d1884-1947.